Engineering problem solving with C / (Record no. 527912)

000 -LEADER
fixed length control field 01055cam a22003014a 4500
001 - CONTROL NUMBER
control field 13538791
003 - CONTROL NUMBER IDENTIFIER
control field NUST
005 - DATE AND TIME OF LATEST TRANSACTION
control field 20190822070747.0
008 - FIXED-LENGTH DATA ELEMENTS--GENERAL INFORMATION
fixed length control field 040326s2005 njua b 001 0 eng
010 ## - LIBRARY OF CONGRESS CONTROL NUMBER
LC control number 2004049203
020 ## - INTERNATIONAL STANDARD BOOK NUMBER
International Standard Book Number 013142971X
038 ## - RECORD CONTENT LICENSOR
Staff Name waseem
040 ## - CATALOGING SOURCE
Original cataloging agency DLC
Transcribing agency DLC
Modifying agency DLC
042 ## - AUTHENTICATION CODE
Authentication code pcc
050 00 - LIBRARY OF CONGRESS CALL NUMBER
Classification number QA76.73.C153
Item number E56 2005
082 00 - DEWEY DECIMAL CLASSIFICATION NUMBER
Classification number 620.00285
Author Mark ETT
100 1# - MAIN ENTRY--PERSONAL NAME
Personal name Etter, Delores M.
Fuller form of name (Delores Maria),
Dates associated with a name 1947-
9 (RLIN) 19413
245 10 - TITLE STATEMENT
Title Engineering problem solving with C /
Statement of responsibility, etc. Delores M. Etter.
250 ## - EDITION STATEMENT
Edition statement 3rd ed.
260 ## - PUBLICATION, DISTRIBUTION, ETC.
Place of publication, distribution, etc. Upper Saddle River, NJ :
Name of publisher, distributor, etc. Pearson/Prentice Hall ,
Date of publication, distribution, etc. 2005.
300 ## - PHYSICAL DESCRIPTION
Extent xxii, 448 p. :
Other physical details ill. ;
Dimensions 24 cm.
504 ## - BIBLIOGRAPHY, ETC. NOTE
Bibliography, etc. note Includes bibliographical references and index.
650 #0 - SUBJECT ADDED ENTRY--TOPICAL TERM
Topical term or geographic name entry element C++ (Computer program language)
9 (RLIN) 1810
650 #0 - SUBJECT ADDED ENTRY--TOPICAL TERM
Topical term or geographic name entry element Engineering
General subdivision Data processing.
9 (RLIN) 19414
906 ## - LOCAL DATA ELEMENT F, LDF (RLIN)
a 7
b cbc
c orignew
d 1
e ocip
f 20
g y-gencatlg
942 ## - ADDED ENTRY ELEMENTS (KOHA)
Source of classification or shelving scheme
Koha item type Book
Holdings
Withdrawn status Lost status Source of classification or shelving scheme Damaged status Not for loan Permanent Location Current Location Date acquired Total Checkouts Full call number Barcode Date last seen Date last checked out Price effective from Koha item type
          Central Library (CL) Central Library (CL) 08/22/2019 3 620.00285 ETT CL-D-504 01/29/2024 10/06/2023 08/22/2019 Book
© 2023 Central Library, National University of Sciences and Technology. All Rights Reserved.